005490000a2200169000450024501170000050000370011765000290015465000310018365000250021465000230023904100130026270000200027570000210029570000190031610000190033577300250035410aPlaying safe in coordination gamessthe role of risk dominance, payoff dominance, social history, and reputation a14aEconomía institucional14aComportamiento económico14aTeoría económica14aTeoría de juegos0 aInglés1 aSchupp , Robert1 aWalker, James M.1 aOstrom, Elinor1 aSchmidt, David1 tPreprintq1-24d1998